<?xml version="1.0" encoding="UTF-8"?>
<record
    xmlns:xsi="http://www.w3.org/2001/XMLSchema-instance"
    xsi:schemaLocation="http://www.loc.gov/MARC21/slim http://www.loc.gov/standards/marcxml/schema/MARC21slim.xsd"
    xmlns="http://www.loc.gov/MARC21/slim">

  <leader>02141agaaa2200301   4500</leader>
  <controlfield tag="001">0459</controlfield>
  <controlfield tag="003">IT-RoPAU</controlfield>
  <controlfield tag="005">20220918181255.0</controlfield>
  <controlfield tag="007">d cvaizq</controlfield>
  <controlfield tag="008">50131s9999||||xx ||| |     ||   ||und||</controlfield>
  <datafield tag="040" ind1=" " ind2=" ">
    <subfield code="a">IT-RoPAU</subfield>
    <subfield code="c">IT-RoPAU</subfield>
  </datafield>
  <datafield tag="041" ind1=" " ind2=" ">
    <subfield code="a">ITALIANO </subfield>
  </datafield>
  <datafield tag="100" ind1=" " ind2=" ">
    <subfield code="a">Yong Jung Soo</subfield>
    <subfield code="g">Codice regista SPICS: 60182</subfield>
    <subfield code="9">50705</subfield>
  </datafield>
  <datafield tag="130" ind1=" " ind2=" ">
    <subfield code="a">GESU' UN REGNO SENZA CONFINI: LA NASCITA E L'INIZIO </subfield>
    <subfield code="9">50706</subfield>
  </datafield>
  <datafield tag="245" ind1=" " ind2=" ">
    <subfield code="a">GESU' UN REGNO SENZA CONFINI: LA NASCITA E L'INIZIO </subfield>
    <subfield code="c">Prodotto da: Corradi O. Choi P. -- Sceneggiatura: Scaffa Luciano -- Diretto da: Yong Jung Soo</subfield>
    <subfield code="p">GESU' UN REGNO SENZA CONFINI: LA NASCITA E L'INIZIO (Rif. Codice opera principale : K0459)</subfield>
  </datafield>
  <datafield tag="250" ind1=" " ind2=" ">
    <subfield code="a">Edizione Standard</subfield>
  </datafield>
  <datafield tag="260" ind1=" " ind2=" ">
    <subfield code="a">(ITALIA)</subfield>
    <subfield code="b">N.d. / Distribuzione: MULTIMEDIA SAN APOLO</subfield>
    <subfield code="g">"2010 (1&#xB0; ed.: 2010 ; Ed. Lingua Orig.: 2010)"</subfield>
  </datafield>
  <datafield tag="300" ind1=" " ind2=" ">
    <subfield code="a">DVD</subfield>
    <subfield code="b">sonoro, col.</subfield>
  </datafield>
  <datafield tag="508" ind1=" " ind2=" ">
    <subfield code="a">"Musica: Zavallone Paolo; Sceneggiatura: Scaffa Luciano ; "</subfield>
  </datafield>
  <datafield tag="520" ind1=" " ind2=" ">
    <subfield code="a">"QUINTO DVD DELLA SERIE LE AVVENTURE DELLA BIBBIA DA ADAMO A GESU'. PER IL CENSIMENTO PROCLAMATO DA CESARE AUGUSTO, GIUSEPPE E MARIA ARRIVANO A BETLEMME DOVE, AL RIPARO DI UNA MISERA GROTTA, NASCE GESU', ADORATO DA TRE RE MAGI VENUTI DALL'ORIENTE. GESU' CRESCE IN ETA', SAPIENZA E BONTA'. ORMAI ADULTO VIENE BATTEZZATO NEL GIORDANO DA GIOVANNI IL BATTISTA ED E' PRONTO AD ANNUNCIARE IL REGNO DI DIO, RESISTENDO PER QUARANTA GIORNI E QUARANTA NOTTI ALLE TENTAZIONI DEL DIAVOLO. CAPITOLI: 1-L'ANNUNCIO A MARIA; 2-UN BAMBINO DELLA STIRPE DI DAVIDE; 3-LA PAURA DI RE ERODE; 4-UN RAGAZZO TRA I DOTTORI; 5-IL BATTESIMO SECONDO GIOVANNI; 6-LA PROVA DEL DESERTO. CONTENUTI EXTRA: IN VERITA' TI DICO: CHI E' GESU'; STORIA, LEGGENDA O MITO?; REGNO DI ERODE; TEMPIO DI GERUSALEMME; GIOVANNI IL BATTISTA; GESU' E IL DIAVOLO. "</subfield>
  </datafield>
  <datafield tag="538" ind1=" " ind2=" ">
    <subfield code="a">PAL, STEREO</subfield>
  </datafield>
  <datafield tag="546" ind1=" " ind2=" ">
    <subfield code="a">ITALIANO </subfield>
  </datafield>
  <datafield tag="650" ind1=" " ind2=" ">
    <subfield code="a">ANIMAZIONE </subfield>
    <subfield code="e">DVD-FILM [DVD]</subfield>
    <subfield code="x">Codice MATERIA SPICS: 9947</subfield>
    <subfield code="9">50707</subfield>
  </datafield>
  <datafield tag="700" ind1=" " ind2=" ">
    <subfield code="a">Scaffa Luciano </subfield>
    <subfield code="e">(soggetto)</subfield>
    <subfield code="g">Codice Soggetto SPICS: 4848</subfield>
    <subfield code="9">50708</subfield>
  </datafield>
  <datafield tag="700" ind1=" " ind2=" ">
    <subfield code="a">Yong Jung Soo </subfield>
    <subfield code="e">(regista)</subfield>
    <subfield code="g">Codice regista SPICS: 60182</subfield>
    <subfield code="9">50709</subfield>
  </datafield>
  <datafield tag="700" ind1=" " ind2=" ">
    <subfield code="a">Zavallone Paolo</subfield>
    <subfield code="e">(musica)</subfield>
    <subfield code="g">Codice Musica SPICS: 60183</subfield>
    <subfield code="9">50710</subfield>
  </datafield>
  <datafield tag="942" ind1=" " ind2=" ">
    <subfield code="c">DV</subfield>
    <subfield code="2">ddc</subfield>
  </datafield>
  <datafield tag="999" ind1=" " ind2=" ">
    <subfield code="c">107162</subfield>
    <subfield code="d">107162</subfield>
  </datafield>
  <datafield tag="952" ind1=" " ind2=" ">
    <subfield code="0">0</subfield>
    <subfield code="1">0</subfield>
    <subfield code="4">0</subfield>
    <subfield code="6">K_0459_000000000000000</subfield>
    <subfield code="7">1</subfield>
    <subfield code="a">SPICS</subfield>
    <subfield code="b">SPICS</subfield>
    <subfield code="d">2015-01-31</subfield>
    <subfield code="l">0</subfield>
    <subfield code="o">K0459</subfield>
    <subfield code="r">2015-01-31 00:00:00</subfield>
    <subfield code="w">2015-01-31</subfield>
    <subfield code="y">DV</subfield>
    <subfield code="z">Progr. Ins.: 3939 / N.Vol.:1 / Copie: 1 / Pag.:0 / Copia rara: n.d. / date import: 1.2.2015 / By Epidotti, Trombetti, Vaglietti</subfield>
  </datafield>
</record>
